Statistics for 1M Cities Starting with W

Click here to take the quiz!

General Stats

  • This quiz has been taken 140 times
  • The average score is 5 of 9

Answer Stats

CityCountry% Correct
WarsawPoland
99%
WashingtonUnited States
91%
WuhanChina
84%
WenzhouChina
53%
WuxiChina
46%
WuhuChina
31%
WanzhouChina
26%
WeifangChina
26%
WeihaiChina
10%

Score Distribution

Percentile by Number Answered

Percent of People with Each Score

Your Score History

You have not taken this quiz